00457nam a2200181Ia 4500008004100000020001400041050001400055100002000069245003500089245005200124260001500176260001600191260000900207300001400216300002700230300001000257500000800267170918s9999 xx 000 0 und d a439168279 bA237 1993 aAdler, David A. 2aA picture book of Rosa Parks / cDavid A. Adler ; illustrated by Robert Casilla. aNew York : bScholastic, c1993 aunpaged : bcolored illustration ; c20cm. a880